000 00682nam a2200253Ia 4500
003 OSt
005 20221006142302.0
006 a|||||r|||| 00| 0
007 ta
008 221006b |||||||| |||| 00| 0 eng d
020 _cP15.99
024 _a5,971
037 _cTextual
040 _aEASL
_cEASL
_beng
041 _2eng
_aeng
082 _aX65.420j1.N95, N6
100 _aSTEVEN Rob
245 0 _aJapan and the new world order
_b Global investments, trade and finance
260 _aLondon
_bMacmillan Press
_c1996
300 _a284p.
_ccm.
490 _v JEL
942 _hX65.420j1.N95, N6
_cTEXL
_2CC
999 _c1074057
_d1074057